[Event "JBLN West 0001 "]
[Site "Germany"]
[Date "2001.04.21"]
[Round "?"]
[White "Rudolph, Mirco"]
[Black "Cordes, Till"]
[Result "0-1"]
[WhiteElo "679"]
[BlackElo "1458"]
[PlyCount "88"]
[EventDate "2000.??.??"]
[EventType "team-tourn"]
[EventRounds "9"]
[EventCountry "GER"]
[SourceTitle "EXT 2003"]
[Source "ChessBase"]
[SourceDate "2002.11.25"]
[SourceVersion "1"]
[SourceVersionDate "2002.11.25"]
[SourceQuality "1"]

1. e4 c5 2. Nf3 d6 3. Bc4 Nc6 4. d3 g6 5. Be3 Bg7 6. 0-0 Bxb2 7. Nbd2 Bg7 8. Rc1 Nf6 9. c3 0-0 10. d4 cxd4 11. cxd4 d5 12. Bd3 dxe4 13. Bxe4 Nxe4 14. Nxe4 Bg4 15. Neg5 Qd5 16. a3 h6 17. h3 Bf5 18. g4 Bd7 19. Rc5 Qa2 20. Ne4 Qxa3 21. Rd5 Be6 22. Rb5 Bc4 23. Qb1 Bd3 24. Qd1 Bxb5 25. Re1 Ba4 26. Qb1 Nb4 27. Nc5 Bc2 28. Qc1 Qxc1 29. Rxc1 b6 30. Nd7 Rfd8 31. Nde5 Be4 32. Nd2 Bb7 33. Rc4 Nd5 34. Ndf3 Nxe3 35. fxe3 Rac8 36. Ra4 a6 37. Kf2 Rc2+ 38. Kg3 Bxe5+ 39. Nxe5 Rg2+ 40. Kf4 g5+ 41. Kf5 Rf2+ 42. Nf3 Rxf3+ 43. Ke5 Rxe3+ 44. Kf5 Rd5# 0-1